000 00992nam a2200301 i 4500
001 bg
003 BPK
005 20221026133848.0
008 950505s1981 pl f 000 0 pol
020 _a8321601960
040 _cBPK
041 _apol
080 _a666.7
080 _a666.97/.98
100 1 _aBieda, Władysław
_d(1920- )
_eAutor
245 0 _aMasy, betony i prefabrykaty ogniotrwałe /
_cWładysław Bieda, Hanna Laurecka.
260 _aKatowice :
_b"Śląsk"
_c1981.
300 _a263, [1] s. :
_bil. ;
_c21 cm.
336 _2rdacontent
_aTekst
_btxt
337 _2rdamedia
_aBez urządzenia pośredniczącego
_bn
338 _2rdacarrier
_aWolumin
_bnc
504 _aBibliogr. s. 262-[264].
650 _aMateriały ogniotrwałe
700 1 _aLaurecka, Hanna
_eAutor
710 2 _aWydawnictwo "Śląsk"
_4pbl.
856 _uhttp://koha.tu.koszalin.pl/cgi-bin/koha/opac-detail.pl?biblionumber=20155
_yKatalog online BPK
942 _cKS
_2UKD
999 _c20155
_d20155